01390cas a2200349 a 4500003000400000005001700004008004100021020001800062020001500080040002300095082002100118100002100139210002900160222003800189245006800227260004200295300002700337500002800364504004100392650005000433650004000483650005100523650003700574650004100611650005100652650003700703650004100740650004200781650005200823655005400875776011100929OSt20240530110426.0890216s2013 ua ao df b 0 a0eng c a9789789779000 a9789779008 aEG-CaGPLcEG-CaGPL04221a616.01\bA M0 aAlaa A . Alansay0 aMed. microbiol. immunol. 0aMedical microbiology & immunology10aMedical Microbiology & Immunology Made Easy /cAlaa A . Alansay aCairo :bAlazhar University ,c2013 . a161 p.bill. ;c26 cm. a"A Lange medical book." aIncludes bibliographical references. 0aMedical microbiologyvOutlines, syllabi, etc. 0aImmunologyvOutlines, syllabi, etc. 2aAllergy and ImmunologyvExamination Questions. 2aImmunityvExamination Questions. 2aMicrobiologyvExamination Questions. 4aAllergy and immunologyxExamination questions. 4aImmunityxExamination questions. 4aMicrobiologyxExamination questions. 7aImmunology.2fast0(OCoLC)fst00968006 7aMedical microbiology.2fast0(OCoLC)fst01014362 7aOutlines, syllabi, etc.2fast0(OCoLC)fst0142383608iOnline version:tMedical microbiology & immunology (Online)x1535-8739w(DLC) 2001213342w(OCoLC)47229338